000 00369nam a22001577a 4500
005 20200524102731.0
008 200524b xxu||||| |||| 00| 0 eng d
041 _aeng
082 _a340
100 _aBARE ACT
_95744
245 _aTHE ADVOCATES ACT 1961 ALONGWITH RULES
260 _aDELHI
_bPROFESSIONALS ACT
300 _a90,p
650 _aLAW
_95701
942 _cBK
999 _c6486
_d6484